000 00789nam a2200265 a 4500
001 BRL_1020
005 20190320211010.0
008 311013s1979----mx-#######---#000-0#spa-#
020 _a9682700108
041 _aspa
044 _amx
050 4 _aPM4068
_b.G37 1979
100 1 _aGaribay K., Ángel María
_d1892-1967
_q(Garibay Kintana)
_925597
245 1 0 _aLa Literatura de los Aztecas
_cpor Ángel M. Garibay K.
250 _a6a ed.
260 _aMéxico
_bJoaquín Mortiz
_c1979
300 _a138 p.
_c18 cm.
440 0 _aEl Legado de la América Indígena
_925598
500 _aAu1143
504 _aBibliografía: p. 137-138
650 1 4 _aLiteratura náhuatl
_925599
650 1 4 _aIndígenas de México
_vtextos
_xLenguaje y lenguas
_925600
902 _aGRL
942 _2lcc
_cB
999 _c9832
_d9832